Beyond the standard model of elementary particle physics / (Record no. 355881)

000 -LEADER
fixed length control field 01558cam a2200409 i 4500
001 - CONTROL NUMBER
control field 10912849
003 - CONTROL NUMBER IDENTIFIER
control field USPCAS-E
005 - DATE AND TIME OF LATEST TRANSACTION
control field 20180118181417.0
006 - FIXED-LENGTH DATA ELEMENTS--ADDITIONAL MATERIAL CHARACTERISTICS
fixed length control field m d
007 - PHYSICAL DESCRIPTION FIXED FIELD--GENERAL INFORMATION
fixed length control field cr n
008 - FIXED-LENGTH DATA ELEMENTS--GENERAL INFORMATION
fixed length control field 130918t20142014gw fa sb 001 0 eng d
020 ## - INTERNATIONAL STANDARD BOOK NUMBER
International Standard Book Number 9783527411771
020 ## - INTERNATIONAL STANDARD BOOK NUMBER
International Standard Book Number 9783527665044 (ePub)
020 ## - INTERNATIONAL STANDARD BOOK NUMBER
International Standard Book Number 9783527665037 (Mobi)
020 ## - INTERNATIONAL STANDARD BOOK NUMBER
International Standard Book Number 9783527665020 (oBook)
020 ## - INTERNATIONAL STANDARD BOOK NUMBER
International Standard Book Number 9783527665051 (ebook)
035 ## - SYSTEM CONTROL NUMBER
System control number (WaSeSS)ssj0001191348
040 ## - CATALOGING SOURCE
Original cataloging agency CaPaEBR
Language of cataloging eng
Description conventions rda
-- pn
Transcribing agency CaPaEBR
Modifying agency WaSeSS
050 #4 - LIBRARY OF CONGRESS CALL NUMBER
Classification number QB464
Item number .N34 2014eb
050 #4 - LIBRARY OF CONGRESS CALL NUMBER
Classification number QC793.2
082 04 - DEWEY DECIMAL CLASSIFICATION NUMBER
Classification number 523.0197
Edition number 23
Author Mark NAG-B 2014
100 1# - MAIN ENTRY--PERSONAL NAME
Personal name Nagashima, Yorikiyo,
Relator term author.
210 10 - ABBREVIATED TITLE
Abbreviated title Beyond the standard model of elementary particle physics /
245 10 - TITLE STATEMENT
Title Beyond the standard model of elementary particle physics /
Statement of responsibility, etc. Yorikiyo Nagashima.
260 ## - PUBLICATION, DISTRIBUTION, ETC.
Place of publication, distribution, etc. Weinheim:
Name of publisher, distributor, etc. Wiley,
Date of publication, distribution, etc. 2005.
502 ## - DISSERTATION NOTE
Dissertation note .
504 ## - BIBLIOGRAPHY, ETC. NOTE
Bibliography, etc. note Includes bibliographical references and index.
506 ## - RESTRICTIONS ON ACCESS NOTE
Terms governing access License restrictions may limit access.
650 #0 - SUBJECT ADDED ENTRY--TOPICAL TERM
Topical term or geographic name entry element Nuclear astrophysics.
650 #0 - SUBJECT ADDED ENTRY--TOPICAL TERM
Topical term or geographic name entry element Particles (Nuclear physics)
655 #0 - INDEX TERM--GENRE/FORM
Genre/form data or focus term Electronic books.
773 #0 - HOST ITEM ENTRY
Title Wiley-Blackwell Online Books
776 08 - ADDITIONAL PHYSICAL FORM ENTRY
Relationship information Print version:
Main entry heading Nagashima, Yorikiyo.
Title Beyond the standard model of elementary particle physics.
Place, publisher, and date of publication Weinheim, Germany : Wiley-VCH Verlag, c2014
Physical description xxiii, 628 pages
International Standard Book Number 9783527411771
856 40 - ELECTRONIC LOCATION AND ACCESS
Uniform Resource Identifier <a href="http://www.columbia.edu/cgi-bin/cul/resolve?clio10912849">http://www.columbia.edu/cgi-bin/cul/resolve?clio10912849</a>
Public note Full text available from Wiley-Blackwell Online Books
910 ## - USER-OPTION DATA (OCLC)
User-option data Vendor-generated brief record
942 ## - ADDED ENTRY ELEMENTS (KOHA)
Source of classification or shelving scheme
Koha item type Book
Holdings
Withdrawn status Lost status Source of classification or shelving scheme Damaged status Not for loan Collection code Permanent Location Current Location Shelving location Date acquired Source of acquisition Cost, normal purchase price Total Checkouts Full call number Barcode Date last seen Price effective from Koha item type
            US-Pakistan Center for Advanced Studies in Energy (USPCAS-E) US-Pakistan Center for Advanced Studies in Energy (USPCAS-E)   12/31/2015 Golden 15750.00   523.0197 NAG-B 2014 CAS-E0001203 12/31/2015 12/31/2015 Book
© 2023 Central Library, National University of Sciences and Technology. All Rights Reserved.